Normal view
MARC view
- Barrows, Sarah T
Entry Personal Name
001 - CONTROL NUMBER
- control field: 45875
003 - CONTROL NUMBER IDENTIFIER
- control field: NUST
005 - DATE AND TIME OF LATEST TRANSACTION
- control field: 20210314133351.0
008 - FIXED-LENGTH DATA ELEMENTS
- fixed length control field: 210314|| aca||aabn | a|a d
040 ## - CATALOGING SOURCE
- Original cataloging agency: NUST
- Transcribing agency: NUST
100 ## - HEADING--PERSONAL NAME
- Personal name: Barrows, Sarah T
670 ## - SOURCE DATA FOUND
- Source citation: Work cat.: (NUST): Barrows, Sarah T., The voice: how to use it;, [c1933]
